Le Musee Copte
محفوظ في:
التنسيق: كتاب
اللغة: Undetermined
منشور في:
Cairo
S.O.P.-Press
1950
الوسوم: إضافة وسم
لا توجد وسوم, كن أول من يضع وسما على هذه التسجيلة!
رقم الطلب: (P)N3825 .A53 1950
| LEADER | 00273nam a2200109Ia 4500 | ||
|---|---|---|---|
| 008 | 240503s9999||||xx |||||||||||||| ||und|| | ||
| 050 | 4 | |a (P)N3825 .A53 1950 | |
| 245 | 1 | 0 | |a Le Musee Copte |
| 264 | 1 | |a Cairo |b S.O.P.-Press |c 1950 | |
| 300 | |a Not definted |c 19 | ||
| 942 | |2 lcc |c PT | ||
| 999 | |c 58257 |d 58257 | ||
